000 00581nam a2200193Ia 4500
005 20250508165923.0
008 008 250505s9999 xx 000 0 eng d
037 _aTextual
040 _aFEDL
_beng
_cFEDL
041 _aeng
_2eng
084 _a158.3, HAR
_qFEDL
100 _aHarris Thomas A
245 0 _aI'm ok- you're ok
260 _aNew Delhi, India
_bSterling Publishing Pvt. Ltd.
_c1969
300 _axviii, 269p.
546 _aGifted by HOD Namita Ranganathan in memory of Prof. Arvind Gaysu
942 _cTEXL
_h158.3, HAR
999 _c1398199
_d1398199